Città di lingua Francese tradotte in Italiano - Statistics

Statistiche generali
  • Questo quiz è stato fatto 98 volte
  • Il punteggio medio è 10 su 14
Statistiche sulle risposte
Paese Città Città % Corretto
Francia Paris Parigi
100%
Lyon Lione
98%
Marseille Marsiglia
97%
Nice Nizza
94%
Toulouse Tolosa
91%
Svizzera Genève Ginevra
89%
Lausanne Losanna
83%
Dijon Digione
80%
Belgio Liège Liegi
67%
Toulon Tolone
66%
Narbonne Narbona
39%
Bayonne Baiona
32%
Briançon Brianzone
24%
Chambéry Ciamberì
13%
Nessun quiz corrispondente trovato
Distribuzione punteggi
Percentuale di utenti per punteggio
Percentile per numero di risposta
I tuoi punteggi nel tempo
Non hai fatto questo quiz